[Event "26.Schlosspark-Open"]
[Site "Wiesbaden-Biebrich"]
[Date "2014.08.31"]
[Round "7.31"]
[White "Schwarz, Eduard"]
[Black "Kalepky, Helmut"]
[Result "1-0"]
[WhiteElo "1928"]
[BlackElo "2084"]
[PlyCount "101"]
[EventDate "2014.??.??"]
[WhiteTeam "SG Turm Idstein"]
[BlackTeam "Sfr.Heidesheim"]

1. Nf3 c5 2. b3 Nf6 3. Bb2 e6 4. e3 b6 5. c4 Bb7 6. Be2 Be7 7. Nc3 O-O 8. Qc2
Nc6 9. Rd1 d5 10. cxd5 Nb4 11. Qb1 Nbxd5 12. h4 Nxc3 13. dxc3 Qc7 14. c4 Be4
15. Bd3 Bxd3 16. Rxd3 Rfd8 17. Rxd8+ Rxd8 18. Ke2 Qb7 19. Rd1 Rxd1 20. Qxd1 Qd7
21. Qxd7 Nxd7 22. e4 f6 23. e5 f5 24. a4 a5 25. g3 h5 26. Ke3 Kf7 27. Kf4 Kg6
28. Nd2 Kf7 29. Nb1 Nf8 30. Na3 Ng6+ 31. Ke3 Nf8 32. Nb5 Nd7 33. Kf3 Nf8 34.
Nd6+ Bxd6 35. exd6 Nd7 36. Kf4 g6 37. Bc3 Nf8 38. Bb2 Nd7 39. Kg5 e5 40. f3 Ke6
41. Kxg6 e4 42. fxe4 fxe4 43. Kxh5 e3 44. Kg6 e2 45. Bc3 Nf6 46. h5 Ne4 47. Be1
Nxd6 48. h6 Nf7 49. h7 Ke7 50. Kg7 Ke6 51. h8=Q 1-0

[Event "26.Schlosspark-Open"]
[Site "Wiesbaden-Biebrich"]
[Date "2014.08.31"]
[Round "7.32"]
[White "Berger, Ewald"]
[Black "Seickel, Ralf"]
[Result "1/2-1/2"]
[WhiteElo "1916"]
[BlackElo "2073"]
[PlyCount "31"]
[EventDate "2014.??.??"]
[WhiteTeam "SC Butzbach 2000"]
[BlackTeam "vereinslos"]

1. c4 c5 2. Nc3 g6 3. g3 Bg7 4. Bg2 Nc6 5. d3 e5 6. Be3 d6 7. Nf3 Nge7 8. Qc1
Nf5 9. Bg5 f6 10. Bd2 O-O 11. e4 Nfd4 12. Nxd4 exd4 13. Nd5 Ne5 14. Qc2 Bg4 15.
f4 Bf3 16. Bxf3 1/2-1/2

[Event "26.Schlosspark-Open"]
[Site "Wiesbaden-Biebrich"]
[Date "2014.08.31"]
[Round "7.33"]
[White "Fucik, Timo"]
[Black "Krüger, Stefan"]
[Result "1/2-1/2"]
[WhiteElo "2057"]
[BlackElo "1912"]
[PlyCount "109"]
[EventDate "2014.??.??"]
[WhiteTeam "SK 1926 Ettlingen"]
[BlackTeam "SF Leherheide"]

1. d4 d5 2. c4 c6 3. Nc3 Nf6 4. Nf3 e6 5. e3 Nbd7 6. Bd3 dxc4 7. Bxc4 b5 8. Bd3
Bb7 9. O-O a6 10. e4 c5 11. d5 Qc7 12. dxe6 fxe6 13. Ng5 Qb6 14. Re1 Ne5 15.
Bc2 h6 16. Nf3 Nxf3+ 17. Qxf3 O-O-O 18. Bf4 Be7 19. Qh3 g5 20. Be3 g4 21. Qg3
h5 22. b4 h4 23. Qf4 Qd6 24. Qxd6 Bxd6 25. bxc5 Be5 26. Ne2 Bxa1 27. Rxa1 Bxe4
28. Bg5 Rhf8 29. Bxf6 Bxc2 30. Bxd8 Rxd8 31. Kf1 b4 32. Rc1 Rd1+ 33. Rxd1 Bxd1
34. Nd4 Kc7 35. Ke1 Ba4 36. Nxe6+ Kc6 37. f4 gxf3 38. gxf3 a5 39. Kd2 Bb5 40.
f4 Bc4 41. f5 Bxa2 42. Nd8+ Kxc5 43. f6 Kd6 44. Nb7+ Ke6 45. Nxa5 Bd5 46. Ke3
Kxf6 47. Kd4 Ke6 48. Kd3 Kd6 49. Nc4+ Bxc4+ 50. Kxc4 Ke5 51. Kxb4 Kf4 52. Kc3
Kf3 53. Kd3 h3 54. Kd2 Kf2 55. Kd1 1/2-1/2

[Event "26.Schlosspark-Open"]
[Site "Wiesbaden-Biebrich"]
[Date "2014.08.31"]
[Round "7.34"]
[White "Hain, Gunter"]
[Black "Haftmann, Rainer"]
[Result "1/2-1/2"]
[WhiteElo "2047"]
[BlackElo "1920"]
[PlyCount "54"]
[EventDate "2014.??.??"]
[WhiteTeam "SK Frankenthal"]
[BlackTeam "SAbt SG 1945 Dietzenbach"]

1. d4 Nf6 2. Nc3 d5 3. Bg5 e6 4. e4 Be7 5. e5 Nfd7 6. h4 c5 7. Bxe7 Qxe7 8. Nb5
Qd8 9. Nd6+ Kf8 10. Qh5 g6 11. Qh6+ Kg8 12. Qf4 f5 13. Nh3 Nc6 14. c3 cxd4 15.
cxd4 Qa5+ 16. Qd2 Qxd2+ 17. Kxd2 Nxd4 18. f4 Nc5 19. Bd3 Bd7 20. Rac1 b6 21.
Ng5 h6 22. Nf3 Nxf3+ 23. gxf3 Nxd3 24. Kxd3 Kf8 25. Rc7 Ke7 26. Rhc1 Rhg8 27.
Rb7 Rgb8 1/2-1/2

[Event "26.Schlosspark-Open"]
[Site "Wiesbaden-Biebrich"]
[Date "2014.08.31"]
[Round "7.35"]
[White "Marten, Gero"]
[Black "Weiland, Thomas"]
[Result "1/2-1/2"]
[WhiteElo "2032"]
[BlackElo "1889"]
[PlyCount "33"]
[EventDate "2014.??.??"]
[WhiteTeam "SG Turm Idstein"]
[BlackTeam "SV Oberursel"]

1. d4 f5 2. Nf3 g6 3. Bg5 Bg7 4. c3 Nf6 5. Qb3 d6 6. Bxf6 Bxf6 7. Nbd2 d5 8. e3
c6 9. Bd3 Nd7 10. h4 e5 11. dxe5 Nxe5 12. Nxe5 Bxe5 13. Nf3 Bf6 14. O-O-O Qe7
15. h5 Be6 16. Nd4 O-O-O 17. Nxe6 1/2-1/2

[Event "26.Schlosspark-Open"]
[Site "Wiesbaden-Biebrich"]
[Date "2014.08.31"]
[Round "7.36"]
[White "Klebs, Sebastian"]
[Black "Skarke, Harald"]
[Result "1/2-1/2"]
[WhiteElo "1849"]
[BlackElo "2025"]
[PlyCount "38"]
[EventDate "2014.??.??"]
[WhiteTeam "Karlsruher SF 1853"]
[BlackTeam "SF Neuberg"]

1. e4 c5 2. Nf3 e6 3. d4 cxd4 4. Nxd4 a6 5. c4 Nf6 6. Nc3 Qc7 7. a3 b6 8. Be3
Bb7 9. f3 d6 10. Be2 Nbd7 11. O-O Be7 12. Rc1 Rc8 13. Qe1 O-O 14. Qf2 Rfe8 15.
Rfd1 Qb8 16. Nc2 Bd8 17. Nb4 Bc7 18. g4 g6 19. Na4 Nc5 1/2-1/2

[Event "26.Schlosspark-Open"]
[Site "Wiesbaden-Biebrich"]
[Date "2014.08.31"]
[Round "7.37"]
[White "Bietz, Fabian"]
[Black "Kempfer, Justus"]
[Result "1/2-1/2"]
[WhiteElo "2024"]
[BlackElo "1781"]
[PlyCount "23"]
[EventDate "2014.??.??"]
[WhiteTeam "SJ Herborn 1998"]
[BlackTeam "SJ Herborn 1998"]

1. Nf3 Nf6 2. b3 g6 3. Bb2 Bg7 4. d4 O-O 5. Nbd2 d6 6. e4 Nfd7 7. Bd3 Nc6 8.
Qe2 e5 9. dxe5 Ndxe5 10. Nxe5 Nxe5 11. O-O-O Nxd3+ 12. cxd3 1/2-1/2

[Event "26.Schlosspark-Open"]
[Site "Wiesbaden-Biebrich"]
[Date "2014.08.31"]
[Round "7.38"]
[White "Zeyer, Oliver"]
[Black "Lanz, Udo"]
[Result "1/2-1/2"]
[WhiteElo "2022"]
[BlackElo "1884"]
[PlyCount "51"]
[EventDate "2014.??.??"]
[WhiteTeam "SF HN-Biberach 1978 e.V."]
[BlackTeam "VSG 1880 Offenbach"]

1. e4 c5 2. Nf3 Nc6 3. Nc3 g6 4. d4 cxd4 5. Nxd4 Bg7 6. Be3 Nf6 7. Bc4 Qa5 8.
O-O O-O 9. Nb3 Qd8 10. f4 d6 11. Be2 a6 12. Bf3 Bd7 13. Kh1 Be6 14. Nd5 Bxd5
15. exd5 Na5 16. Qd3 Nxb3 17. axb3 Qc7 18. c4 Rac8 19. Rac1 Nd7 20. Bd4 Nc5 21.
Bxc5 Qxc5 22. Qd2 Qd4 23. Rc2 Qxd2 24. Rxd2 Rc7 25. Re1 Rb8 26. Ra1 1/2-1/2

[Event "26.Schlosspark-Open"]
[Site "Wiesbaden-Biebrich"]
[Date "2014.08.31"]
[Round "7.39"]
[White "Zimpfer, Andreas"]
[Black "Kolker, Vladislav"]
[Result "1/2-1/2"]
[WhiteElo "1879"]
[BlackElo "2021"]
[PlyCount "28"]
[EventDate "2014.??.??"]
[WhiteTeam "SC Butzbach 2000"]
[BlackTeam "SC Bad Nauheim"]

1. d4 Nf6 2. c4 g6 3. Nc3 Bg7 4. e4 d6 5. Bd3 O-O 6. Nge2 Nc6 7. O-O e5 8. d5
Nd4 9. Nxd4 exd4 10. Ne2 Nd7 11. Bc2 Ne5 12. Bb3 f5 13. exf5 d3 14. Ng3 Qh4
1/2-1/2

[Event "26.Schlosspark-Open"]
[Site "Wiesbaden-Biebrich"]
[Date "2014.08.31"]
[Round "7.40"]
[White "Osswald, Luis Monty"]
[Black "Mönch, Dietmar"]
[Result "1-0"]
[WhiteElo "2017"]
[BlackElo "1818"]
[PlyCount "39"]
[EventDate "2014.??.??"]
[WhiteTeam "Kasseler SK 1876"]
[BlackTeam "vereinlos"]

1. e4 Nc6 2. Nf3 d5 3. exd5 Qxd5 4. Nc3 Qa5 5. d4 Bg4 6. Bb5 O-O-O 7. Bxc6 bxc6
8. h3 Bh5 9. Qe2 f6 10. Qe6+ Kb7 11. b4 Qb6 12. Ne4 Bxf3 13. gxf3 f5 14. Nc5+
Ka8 15. O-O Nf6 16. Bf4 g5 17. Be5 h5 18. a4 Rh6 19. a5 Qb5 20. c4 1-0

[Event "26.Schlosspark-Open"]
[Site "Wiesbaden-Biebrich"]
[Date "2014.08.31"]
[Round "7.41"]
[White "Karsay, Pascal"]
[Black "Fellhauer, Clemens"]
[Result "1/2-1/2"]
[WhiteElo "1766"]
[BlackElo "2096"]
[PlyCount "27"]
[EventDate "2014.??.??"]
[WhiteTeam "Vorw.Orient Mainz"]
[BlackTeam "SK 69 Mühlhausen e.V."]

1. e4 c5 2. Nf3 Nf6 3. Nc3 Nc6 4. d4 cxd4 5. Nxd4 d6 6. Be2 g6 7. O-O Bg7 8.
Kh1 O-O 9. Be3 Ng4 10. Bxg4 Bxg4 11. Nxc6 Bxd1 12. Nxd8 Bxc2 13. Nxb7 Rfb8 14.
Rac1 1/2-1/2

[Event "26.Schlosspark-Open"]
[Site "Wiesbaden-Biebrich"]
[Date "2014.08.31"]
[Round "7.42"]
[White "Leidorf, Sebastian"]
[Black "Biastoch, Bennet"]
[Result "1-0"]
[WhiteElo "2052"]
[BlackElo "1765"]
[PlyCount "105"]
[EventDate "2014.??.??"]
[WhiteTeam "SV Bergwinkel"]
[BlackTeam "SG Aufbau Elbe Magdeburg"]

1. c4 Nf6 2. g3 g6 3. Bg2 Bg7 4. Nc3 O-O 5. e4 d6 6. Nge2 Nc6 7. O-O e5 8. d3
Nh5 9. Nd5 f5 10. Rb1 a5 11. a3 h6 12. b4 axb4 13. axb4 Ne7 14. exf5 gxf5 15.
f4 c6 16. Nxe7+ Qxe7 17. b5 Bd7 18. Nd4 exd4 19. Qxh5 Ra2 20. Qd1 Re8 21. Bf3
Qd8 22. Bd2 Qa8 23. Ra1 Rxa1 24. Qxa1 Qxa1 25. Rxa1 cxb5 26. Bxb7 bxc4 27. Bd5+
Be6 28. Re1 Kf7 29. Rxe6 Rxe6 30. Bxc4 Ke7 31. Bxe6 Kxe6 32. Kg2 h5 33. Kf3 Kd5
34. h3 Kc6 35. g4 hxg4+ 36. hxg4 fxg4+ 37. Kxg4 Kb5 38. f5 Ka4 39. Bg5 Kb3 40.
Kf3 Kc3 41. Ke2 d5 42. Be7 Bh6 43. f6 Bg5 44. Bd8 Bh6 45. f7 Bf8 46. Bf6 Kb4
47. Bxd4 Kb5 48. Kf3 Kc6 49. Kf4 Kd6 50. Kf5 Ke7 51. Kg6 Ke6 52. Bg7 Ke7 53. d4
1-0

[Event "26.Schlosspark-Open"]
[Site "Wiesbaden-Biebrich"]
[Date "2014.08.31"]
[Round "7.43"]
[White "Villani, Cristian"]
[Black "Niedenthal, Robert"]
[Result "0-1"]
[WhiteElo "2032"]
[BlackElo "1828"]
[PlyCount "94"]
[EventDate "2014.??.??"]
[WhiteTeam "SK Durlach"]
[BlackTeam "SV 1920 Hofheim"]

1. c4 e6 2. g3 d5 3. Nf3 c6 4. Qc2 Nf6 5. Bg2 Be7 6. O-O O-O 7. d4 Nbd7 8. Rd1
b6 9. b3 Bb7 10. Nc3 Ba6 11. e4 dxc4 12. bxc4 Bxc4 13. Ne5 Nxe5 14. dxe5 Nd7
15. Bf4 Qc7 16. Rd6 Bxd6 17. exd6 Qb7 18. e5 Bd5 19. Bh3 Rac8 20. Qe2 Rfe8 21.
Bf1 b5 22. Nxd5 cxd5 23. Qxb5 Qxb5 24. Bxb5 Red8 25. Bxd7 Rxd7 26. Bd2 f6 27.
f4 Rc4 28. Kf2 fxe5 29. fxe5 Rf7+ 30. Kg1 d4 31. Rb1 Rc5 32. Rb8+ Rf8 33. Rxf8+
Kxf8 34. Bb4 Rc1+ 35. Kg2 Ke8 36. a3 Rc2+ 37. Kf3 d3 38. Ke3 Re2+ 39. Kxd3 Rxe5
40. h4 Rf5 41. Ke4 h5 42. Bd2 Kd7 43. Bf4 Ra5 44. Be5 Rxa3 45. Kf4 Ra4+ 46. Kg5
Ra5 47. Kf4 Rxe5 0-1

[Event "26.Schlosspark-Open"]
[Site "Wiesbaden-Biebrich"]
[Date "2014.08.31"]
[Round "7.44"]
[White "Sefeloge, Michael"]
[Black "Costea, Valerius"]
[Result "1-0"]
[WhiteElo "1818"]
[BlackElo "1988"]
[PlyCount "115"]
[EventDate "2014.??.??"]
[WhiteTeam "SV Turm Lahnstein"]
[BlackTeam "SK Frankenthal"]

1. d4 Nf6 2. c4 d6 3. Nc3 g6 4. e3 Bg7 5. Nf3 O-O 6. Bd3 c6 7. O-O Na6 8. a3
Nc7 9. Qc2 b6 10. b3 Bg4 11. Be2 c5 12. dxc5 bxc5 13. Bb2 a5 14. Rfd1 Qc8 15.
h3 Bd7 16. Nd5 Ncxd5 17. cxd5 Bf5 18. Qc4 Rb8 19. Nd2 Qb7 20. a4 g5 21. Bf3 Bg6
22. e4 Rfc8 23. Bc3 Ne8 24. Bxg7 Nxg7 25. Re1 Qc7 26. Ra2 Rb4 27. Qe2 f6 28.
Bg4 Rcb8 29. Qe3 Be8 30. h4 h6 31. hxg5 hxg5 32. Qh3 c4 33. bxc4 Rb2 34. Rxb2
Rxb2 35. Qc3 Qb6 36. Be2 Bxa4 37. Ra1 Rc2 38. Qd3 Qb2 39. Rb1 Qa2 40. Rb8+ Kf7
41. Qh3 f5 42. Bh5+ Kf6 43. Rf8+ Ke5 44. Qg3+ f4 45. Qxg5+ Kd4 46. Qxg7+ Kd3
47. Nf3 Rc1+ 48. Kh2 Qxf2 49. e5 dxe5 50. Nxe5+ Kd2 51. Nf3+ Kc2 52. Rb8 Kd1
53. Rb2 Bc2 54. Qd4+ Qxd4 55. Nxd4+ Kd2 56. Rxc2+ Rxc2 57. Nxc2 Kxc2 58. Be8
1-0

[Event "26.Schlosspark-Open"]
[Site "Wiesbaden-Biebrich"]
[Date "2014.08.31"]
[Round "7.45"]
[White "Zimmer, Gerald"]
[Black "Timar-Geng, Zoltan"]
[Result "0-1"]
[WhiteElo "1975"]
[BlackElo "1841"]
[PlyCount "128"]
[EventDate "2014.??.??"]
[WhiteTeam "SC Bergen-Enkheim 1922"]
[BlackTeam "SC Eulenspiegel Regensb."]

1. d4 d5 2. c4 c6 3. cxd5 cxd5 4. Nc3 Nf6 5. Nf3 a6 6. Bg5 Ne4 7. Bh4 Qa5 8.
Qb3 e6 9. e3 Bd6 10. Bd3 Nxc3 11. bxc3 O-O 12. O-O Nc6 13. c4 dxc4 14. Bxc4 b5
15. Bd3 Bb7 16. Rfc1 Qb6 17. Ng5 h6 18. Ne4 Na5 19. Qb1 Bxe4 20. Bxe4 Rac8 21.
Qd3 Nc4 22. Bg3 Bxg3 23. hxg3 Nd6 24. Bf3 Qb8 25. Qa3 Qb6 26. Be2 Nc4 27. Qb3
Nd6 28. Rab1 Rxc1+ 29. Rxc1 Rc8 30. Rxc8+ Nxc8 31. Qc3 Nd6 32. Qc5 Qxc5 33.
dxc5 Nb7 34. c6 Nd6 35. c7 Kf8 36. Bf3 Ke7 37. Bb7 Kd7 38. c8=Q+ Nxc8 39. Bxa6
Nd6 40. Kf1 Kc7 41. a4 bxa4 42. Bd3 a3 43. Bb1 Nb5 44. Ba2 Nc3 45. Bb3 a2 46.
Bxa2 Nxa2 47. Ke2 Kd6 48. Kd3 Nb4+ 49. Ke2 Nd5 50. f3 f5 51. Kd3 Ke5 52. Kd2 g5
53. Kd3 h5 54. Ke2 Nf6 55. Kd3 Kd5 56. Ke2 e5 57. Kd3 e4+ 58. Ke2 Kc4 59. f4 g4
60. Kd2 Kb3 61. Kd1 Kc3 62. Ke2 Kc2 63. Ke1 Kd3 64. Kf2 Kd2 0-1

[Event "26.Schlosspark-Open"]
[Site "Wiesbaden-Biebrich"]
[Date "2014.08.31"]
[Round "7.46"]
[White "Karthaus, Carsten"]
[Black "Arns, Alexander"]
[Result "1/2-1/2"]
[WhiteElo "1970"]
[BlackElo "1725"]
[PlyCount "44"]
[EventDate "2014.??.??"]
[WhiteTeam "SC Murrhardt 1948 e.V."]
[BlackTeam "SF HN-Biberach 1978 e.V."]

1. e4 d6 2. d4 Nf6 3. Nc3 g6 4. Nf3 Bg7 5. Be2 c6 6. O-O O-O 7. h3 b5 8. a3 a5
9. Be3 Bb7 10. e5 Ne8 11. Qd2 Nd7 12. Rfd1 Nc7 13. Bh6 Nb6 14. Bxg7 Kxg7 15.
Ne4 Ne6 16. Ng3 Qc7 17. Rac1 dxe5 18. Nxe5 Rfd8 19. c3 b4 20. Bg4 bxc3 21. bxc3
Bc8 22. Bxe6 Bxe6 1/2-1/2

[Event "26.Schlosspark-Open"]
[Site "Wiesbaden-Biebrich"]
[Date "2014.08.31"]
[Round "7.47"]
[White "Bajorski, Marius"]
[Black "Soost, Stefan"]
[Result "0-1"]
[WhiteElo "1807"]
[BlackElo "1953"]
[PlyCount "44"]
[EventDate "2014.??.??"]
[WhiteTeam "SV 1920 Hofheim"]
[BlackTeam "vereinslos"]

1. e4 c5 2. Nf3 Nc6 3. d4 cxd4 4. Nxd4 Nf6 5. Nc3 e5 6. Ndb5 d6 7. Bg5 a6 8.
Na3 b5 9. Nd5 Be7 10. Bxf6 Bxf6 11. Nxf6+ Qxf6 12. c3 O-O 13. Nc2 Bb7 14. a4
Ne7 15. f3 d5 16. axb5 axb5 17. Rxa8 Bxa8 18. exd5 Nxd5 19. Bxb5 Rd8 20. Qc1
Nf4 21. Bf1 Bxf3 22. Kf2 Bxg2 0-1

[Event "26.Schlosspark-Open"]
[Site "Wiesbaden-Biebrich"]
[Date "2014.08.31"]
[Round "7.48"]
[White "Kobs, Stephan"]
[Black "Zerhusen, Martin"]
[Result "1-0"]
[WhiteElo "1942"]
[BlackElo "1786"]
[PlyCount "47"]
[EventDate "2014.??.??"]
[WhiteTeam "Hildesheimer SV"]
[BlackTeam "SV Oberursel"]

1. e4 c5 2. Nf3 Nc6 3. d4 cxd4 4. Nxd4 d6 5. c4 g6 6. Nc3 Bg7 7. Be3 Bd7 8. Be2
Nf6 9. O-O O-O 10. Qd2 a6 11. Rac1 Rc8 12. b3 Nxd4 13. Bxd4 Bc6 14. f3 Qc7 15.
b4 Qb8 16. b5 axb5 17. cxb5 Bd7 18. Bxf6 Bxf6 19. Nd5 Kg7 20. Nxf6 Kxf6 21.
Qb2+ Kg5 22. Qg7 Qa7+ 23. Kh1 h5 24. g3 1-0

[Event "26.Schlosspark-Open"]
[Site "Wiesbaden-Biebrich"]
[Date "2014.08.31"]
[Round "7.49"]
[White "Krischak, Werner"]
[Black "Rump, Andreas"]
[Result "0-1"]
[WhiteElo "1764"]
[BlackElo "1939"]
[PlyCount "96"]
[EventDate "2014.??.??"]
[WhiteTeam "SK Marburg 1931/72"]
[BlackTeam "SG Turm Idstein"]

1. d4 Nf6 2. Nf3 b6 3. Bf4 Bb7 4. e3 e6 5. Nbd2 Be7 6. h3 O-O 7. Bd3 d5 8. c3
Ne4 9. O-O Nd7 10. Qc2 f5 11. Ne5 Nd6 12. Ndf3 Ne4 13. Nxd7 Qxd7 14. Ne5 Qe8
15. f3 Nd6 16. Rae1 Qh5 17. Re2 Nf7 18. g4 Qh4 19. gxf5 Ng5 20. Bxg5 Qxg5+ 21.
Kh2 exf5 22. f4 Qh5 23. Rg2 Rad8 24. Rfg1 g6 25. Be2 Qh4 26. Nf3 Qh6 27. Bd3
Kh8 28. Qf2 Rd6 29. Ng5 Qg7 30. h4 Bc8 31. Qg3 Re8 32. Qh3 Bd8 33. h5 h6 34.
hxg6 Kg8 35. Nh7 c5 36. Bxf5 Bxf5 37. Qxf5 Rxe3 38. Qf7+ Kh8 39. Qf8+ Qxf8 40.
g7+ Qxg7 41. Rxg7 Re7 42. Nf6 Rxg7 43. Rxg7 Bxf6 44. dxc5 bxc5 45. Rxa7 d4 46.
cxd4 cxd4 47. Rc7 d3 48. Rc1 Bxb2 0-1

[Event "26.Schlosspark-Open"]
[Site "Wiesbaden-Biebrich"]
[Date "2014.08.31"]
[Round "7.50"]
[White "Anhalt, Albert"]
[Black "Suller, Lorant"]
[Result "1-0"]
[WhiteElo "1909"]
[BlackElo "1775"]
[PlyCount "47"]
[EventDate "2014.??.??"]
[WhiteTeam "SG Turm Idstein"]
[BlackTeam "vereinslos"]

1. e4 d6 2. d4 Nf6 3. Nc3 Nbd7 4. Nf3 c6 5. Bc4 h6 6. O-O Qc7 7. Bb3 e5 8. Re1
Be7 9. Nh4 g5 10. Nf5 Bf8 11. Be3 Nb6 12. dxe5 dxe5 13. Qf3 Bxf5 14. Qxf5 Bg7
15. Bc5 Nbd7 16. Ba3 b5 17. Rad1 a5 18. Bd6 Qb7 19. a4 b4 20. Ne2 c5 21. Ng3
Rc8 22. Bc4 h5 23. Bb5 h4 24. Qxe5+ 1-0

[Event "26.Schlosspark-Open"]
[Site "Wiesbaden-Biebrich"]
[Date "2014.08.31"]
[Round "7.51"]
[White "Fröhlich-Dill, Astrid"]
[Black "Schneider, Lutz"]
[Result "1-0"]
[WhiteElo "1894"]
[BlackElo "1748"]
[PlyCount "59"]
[EventDate "2014.??.??"]
[WhiteTeam "SV 1920 Hofheim"]
[BlackTeam "Vorw.Orient Mainz"]

1. d4 Nf6 2. c4 e5 3. d5 Bc5 4. Nf3 d6 5. Nc3 Bg4 6. e4 Nbd7 7. Be2 Bb4 8. Nd2
Bxe2 9. Qxe2 Nc5 10. O-O O-O 11. f3 Qd7 12. a3 Bxc3 13. bxc3 Na4 14. Qd3 Nh5
15. Nb3 f5 16. exf5 Nf4 17. Bxf4 exf4 18. Nd4 Rae8 19. Ne6 Rf6 20. Rab1 Nb6 21.
Rbe1 Qf7 22. Ng5 Qd7 23. Re6 Ref8 24. Rfe1 Nc8 25. Rxf6 Rxf6 26. Re6 Qd8 27.
Qe4 Rf8 28. f6 g6 29. f7+ Kg7 30. Nxh7 1-0

[Event "26.Schlosspark-Open"]
[Site "Wiesbaden-Biebrich"]
[Date "2014.08.31"]
[Round "7.52"]
[White "Wachsmann, Dietmar"]
[Black "Lukas, Sebastian"]
[Result "1/2-1/2"]
[WhiteElo "1760"]
[BlackElo "1893"]
[PlyCount "69"]
[EventDate "2014.??.??"]
[WhiteTeam "SC Groß-Umstadt"]
[BlackTeam "SC 1979 Hattersheim"]

1. d3 d5 2. Nd2 Nf6 3. c3 e5 4. e4 Bd6 5. Ngf3 c6 6. Qc2 Nbd7 7. Be2 O-O 8. O-O
Re8 9. Re1 Nf8 10. Bf1 dxe4 11. dxe4 Ng6 12. Nc4 Bc7 13. b3 Bg4 14. Be2 Nh5 15.
Ne3 Bxf3 16. Bxf3 Nhf4 17. g3 Ne6 18. Ba3 Qf6 19. Bg2 Bb6 20. Rad1 Bxe3 21.
Rxe3 Ngf8 22. Red3 Rad8 23. Rd6 Rxd6 24. Rxd6 Rd8 25. Qd2 b6 26. Bh3 c5 27.
Rxd8 Qxd8 28. Qd5 Qxd5 29. exd5 Ng5 30. Bf5 g6 31. Bc8 Ne4 32. Bb2 Nd6 33. Bh3
f5 34. c4 Nd7 35. Bf1 1/2-1/2

[Event "26.Schlosspark-Open"]
[Site "Wiesbaden-Biebrich"]
[Date "2014.08.31"]
[Round "7.53"]
[White "Petreski, Gligur"]
[Black "Stuhlmann, Florian"]
[Result "1/2-1/2"]
[WhiteElo "1890"]
[BlackElo "1654"]
[PlyCount "47"]
[EventDate "2014.??.??"]
[WhiteTeam "SV Mainz-Mombach"]
[BlackTeam "SC Königsflügel Lindenholzhausen"]

1. d4 d5 2. Nf3 Nf6 3. c4 e6 4. Nc3 c5 5. e3 Nc6 6. Be2 dxc4 7. Bxc4 Be7 8. O-O
O-O 9. a3 a6 10. h3 b5 11. Ba2 Bb7 12. Bb1 Qb6 13. dxc5 Qxc5 14. Ne4 Nxe4 15.
Bxe4 f5 16. Bb1 Rad8 17. Qe2 Kh8 18. b4 Qd6 19. Bb2 Bf6 20. Bxf6 Rxf6 21. Ba2
Ne5 22. Nxe5 Qxe5 23. Rad1 Rff8 24. Rxd8 1/2-1/2

[Event "26.Schlosspark-Open"]
[Site "Wiesbaden-Biebrich"]
[Date "2014.08.31"]
[Round "7.54"]
[White "Steimbach, Isabel"]
[Black "Pade, Joachim"]
[Result "1-0"]
[WhiteElo "1834"]
[BlackElo "1713"]
[PlyCount "79"]
[EventDate "2014.??.??"]
[WhiteTeam "OSG Baden-Baden"]
[BlackTeam "SC Butzbach 2000"]

1. e4 e6 2. d4 d5 3. e5 c5 4. c3 cxd4 5. cxd4 Nc6 6. Nf3 Bb4+ 7. Nc3 Nge7 8.
Be2 Bd7 9. O-O Bxc3 10. bxc3 O-O 11. Bd3 h6 12. Bc2 f5 13. Qd3 a6 14. g4 Qe8
15. Kh1 g5 16. Rg1 Rf7 17. h4 Rg7 18. hxg5 h5 19. gxf5 Nxf5 20. Nh2 Qg6 21. Qe2
Kf7 22. Nf3 h4 23. Nh2 Na5 24. Ng4 Rh8 25. Qf3 Bc6 26. Bxf5 exf5 27. Ne3 Ke6
28. Ng2 Qf7 29. Nf4+ Ke7 30. e6 Qe8 31. Ba3+ Kd8 32. e7+ Kc8 33. Ne6 Rf7 34. g6
Nc4 35. gxf7 Qxf7 36. Rae1 Nxa3 37. Rg7 Qe8 38. Qf4 Qd7 39. e8=Q+ Rxe8 40. Rxd7
1-0

[Event "26.Schlosspark-Open"]
[Site "Wiesbaden-Biebrich"]
[Date "2014.08.31"]
[Round "7.55"]
[White "Krastev, Alexander"]
[Black "Junker, Christian"]
[Result "0-1"]
[WhiteElo "1620"]
[BlackElo "2061"]
[PlyCount "42"]
[EventDate "2014.??.??"]
[WhiteTeam "Biebertaler SF"]
[BlackTeam "SV 1926 Neu-Isenburg"]

1. e4 e5 2. Nf3 Nf6 3. Nc3 Nc6 4. Bc4 Nxe4 5. Nxe4 d5 6. Bd3 dxe4 7. Bxe4 Bd6
8. d3 O-O 9. O-O f6 10. Be3 Ne7 11. Ne1 f5 12. Bf3 c6 13. d4 e4 14. Be2 Be6 15.
c4 Kh8 16. f3 f4 17. Bd2 e3 18. Bc3 Rf5 19. b3 Rh5 20. Nd3 Nf5 21. Qe1 Qg5 0-1

[Event "26.Schlosspark-Open"]
[Site "Wiesbaden-Biebrich"]
[Date "2014.08.31"]
[Round "7.56"]
[White "Hipler, Andreas"]
[Black "Scholl, Alois"]
[Result "1-0"]
[WhiteElo "1872"]
[BlackElo "1733"]
[PlyCount "95"]
[EventDate "2014.??.??"]
[WhiteTeam "SK Gau-Algesheim"]
[BlackTeam "SV Schwalbach"]

1. d4 e6 2. e4 Nf6 3. Bd3 d5 4. exd5 Qxd5 5. Nf3 Nc6 6. O-O Nxd4 7. Nxd4 Bc5 8.
Nf3 O-O 9. Nc3 Qh5 10. Ne4 Nxe4 11. Bxe4 f5 12. Bd3 b6 13. Qe2 Bb7 14. Ng5 Qxe2
15. Bxe2 Rf6 16. Bf4 h6 17. Nf3 Re8 18. Ne5 Bd6 19. Nd3 e5 20. Bd2 f4 21. f3 h5
22. Nf2 Bc5 23. Bc4+ Kh7 24. Kh1 g5 25. Bd3+ Kh6 26. Ne4 Bxe4 27. Bxe4 g4 28.
Rad1 Rg8 29. Bc3 Bd6 30. Rd5 Rg5 31. Rfd1 gxf3 32. Bxf3 h4 33. h3 Kg7 34. Re1
c6 35. Rxd6 Rxd6 36. Bxe5+ Rf6 37. Bxf6+ Kxf6 38. Bxc6 Rc5 39. Be4 Ke5 40. Bd3+
Kf6 41. Re4 Kg5 42. Kg1 b5 43. Kf2 a5 44. Kf3 Rf5 45. Re6 Rf8 46. Rg6+ Kh5 47.
Rg4 b4 48. Rxf4 1-0

[Event "26.Schlosspark-Open"]
[Site "Wiesbaden-Biebrich"]
[Date "2014.08.31"]
[Round "7.57"]
[White "Bolduan, Michael"]
[Black "Ley, Sabrina"]
[Result "1-0"]
[WhiteElo "1870"]
[BlackElo "1597"]
[PlyCount "91"]
[EventDate "2014.??.??"]
[WhiteTeam "SC Taunusstein 1966"]
[BlackTeam "SV Turm Lahnstein"]

1. e4 c5 2. Nf3 d6 3. d3 Nf6 4. Nbd2 Nc6 5. g3 e6 6. Bg2 Be7 7. O-O O-O 8. a4
d5 9. e5 Nd7 10. Re1 Qc7 11. Qe2 Rb8 12. Nf1 a6 13. h4 b5 14. N1h2 c4 15. d4
Nb6 16. axb5 axb5 17. Bf4 Na4 18. c3 Nb6 19. Ng4 Qd8 20. Ng5 Kh8 21. Qc2 g6 22.
Bf3 b4 23. Kg2 Nd7 24. Rh1 Bb7 25. Nxh7 Rg8 26. Ng5 Rg7 27. Qd2 Kg8 28. h5 Kf8
29. hxg6 Rxg6 30. Rh8+ Rg8 31. Rah1 Qb6 32. Rxg8+ Kxg8 33. Nh6+ Kf8 34. Nhxf7
Ke8 35. Rh8+ Nf8 36. Bh5 Kd7 37. Bg4 bxc3 38. bxc3 Bxg5 39. Nxg5 Ba6 40. Rh6
Re8 41. Rf6 Bc8 42. Bh5 Rd8 43. Nf7 Re8 44. Nd6 Rd8 45. Rf7+ Ne7 46. Bg5 1-0

[Event "26.Schlosspark-Open"]
[Site "Wiesbaden-Biebrich"]
[Date "2014.08.31"]
[Round "7.58"]
[White "Wilke, Tabea"]
[Black "Huber, Timm"]
[Result "0-1"]
[WhiteElo "1750"]
[BlackElo "1847"]
[PlyCount "80"]
[EventDate "2014.??.??"]
[WhiteTeam "SC 1979 Hattersheim"]
[BlackTeam "SJ Herborn 1998"]

1. e4 e5 2. Nf3 Nc6 3. Bb5 a6 4. Ba4 Nf6 5. d3 b5 6. Bb3 d5 7. exd5 Nxd5 8. O-O
Be7 9. Re1 Qd6 10. Nbd2 f5 11. Nf1 Be6 12. Qe2 Bf6 13. c4 Nde7 14. Bd2 Rd8 15.
c5 Qd7 16. Bxe6 Qxe6 17. Bc3 Ng6 18. Qc2 O-O 19. b4 Qd7 20. Rad1 Rfe8 21. Qb3+
Kh8 22. Ng3 Nf4 23. d4 Nxd4 24. Bxd4 exd4 25. Rxe8+ Rxe8 26. Ne1 Ne2+ 27. Nxe2
Rxe2 28. Nf3 Re4 29. Qd3 Qe6 30. a3 Qc4 31. g3 h6 32. Kg2 g5 33. h3 Kg7 34.
Qxc4 bxc4 35. Nd2 c3 36. Nxe4 fxe4 37. Kf1 c2 38. Rc1 d3 39. Re1 d2 40. Rxe4
d1=Q+ 0-1